000 01283nam a2200265Ia 4500
003 OSt
005 20200722103745.0
008 191128s1979 ck gr 000 0dspa d
020 _a8489209162
040 _aCO-JMCR
_cCO-JMCR
041 0 _aspa
082 0 4 _a330.9861 /
_bT596i2
_223
100 1 _aTirado Mejia, Alvaro,
_eautor
_97601
245 1 0 _aIntroducción a la historia económica de Colombia /
_cAlvaro Tirado Mejia
250 _aDecimasexta edición
260 _aBogotá :
_bEl Ancora Editores,
_c1979.
300 _a377 páginas ;
_c16 cm.
300 _c
504 _aBibliografía: páginas 367-377.
505 0 _aLa conquista de América y el origen del capitalismo -- Instituciones soci-económicas de la colonia -- La escalvitud -- La tierra en al colonia El comercio en la colonia -- Impuestos --Oro y moneda en la Colonia -- Breve enfoque de los Comuneros
520 0 _aEste libro, editado por primera vez en 1971, se ha vuelto con el tiempo una obra de lectura obligatoria para todos aquellos que deseen estudiar los fundamentos materiales de la historia de Colombia. Comenzando con las intituciones socio-económicas que imp
650 1 4 _aEconomía
_xHistoria
_zColombia
_96949
650 2 4 _aCondiciones económicas
_zColombia
_96839
942 _2ddc
_cBK
999 _c5320
_d5320